Minerals and rocks for industry [vol-1] / (Record no. 693)
[ view plain ]
| 000 -LEADER | |
|---|---|
| fixed length control field | 00337 a2200097 4500 |
| 082 ## - DEWEY DECIMAL CLASSIFICATION NUMBER | |
| Classification number | 553.05491 AHM |
| 100 ## - MAIN ENTRY--PERSONAL NAME | |
| Personal name | Ahmad, Zaki. |
| 245 ## - TITLE STATEMENT | |
| Title | Minerals and rocks for industry [vol-1] / |
| Statement of responsibility, etc. | by Zaki Ahmad, Razi Ahmad Siddiqi. |
| 260 ## - PUBLICATION, DISTRIBUTION, ETC. | |
| Place of publication, distribution, etc. | Quetta : |
| Name of publisher, distributor, etc. | Geological Survey of Pakistan, |
| Date of publication, distribution, etc. | 1992. |
| 300 ## - PHYSICAL DESCRIPTION | |
| Extent | xxiii,325p. : |
| Other physical details | ill. ; |
| Dimensions | 25 cm. |
| 650 ## - SUBJECT ADDED ENTRY--TOPICAL TERM | |
| Topical term or geographic name entry element | Industrial minerals |
| Geographic subdivision | Pakistan. |
| Withdrawn status | Lost status | Damaged status | Not for loan | Permanent Location | Current Location | Shelving location | Date acquired | Total Checkouts | Full call number | Barcode | Date last seen | Price effective from | Koha item type |
|---|---|---|---|---|---|---|---|---|---|---|---|---|---|
| School of Civil and Environmental Engineering (SCEE) | School of Civil and Environmental Engineering (SCEE) | 553.05491 AHM | NIT-2312 | 01/05/2017 | 01/05/2017 | Book |
